000 00947nam a22002175i 4500
001 167097
003 ES-MaACL
005 20231229063054.0
008 050926s1842 sp | |||||||| ||spa d
080 _a821.134.2-14"18"
100 1 _aVega, Ventura de la,
_d1807-1865
_9113584
245 1 3 _aEl hambre :
_bmusa X a D. Juan Peñalver y comparsa /
_csátira por D. Ventura de la Vega.
260 _aMadrid :
_b[s.n.],
_c1842 (
_fEst. Tip. Calle del Sordo, 11)
300 _a[14 p.] ;
_c20 cm.
530 _aDisponible en formato digital.
597 _aPaginación tomada de un ejemplar de la Universidad Complutense.
597 _aEjemplar que tiene sólo portada
852 4 _aES-MaACL
_jT-12-F-21
_z- Enc. hol.
_z -Contiene únicamente port.
_z- Enc. en un vol. facticio
856 4 _uhttps://hdl.handle.net/2027/uiug.30112063687369
_zBiblioteca de la Universidad Complutense de Madrid
999 _c167097
_d167097